[Event "XIII American Continental"]
[Site "Montevideo URU"]
[Date "2018.06.03"]
[Round "4"]
[White "Tristan, Leonardo"]
[Black "Borges, Guilherme Deola"]
[Result "1-0"]
[WhiteElo "2459"]
[BlackElo "2219"]
[EventDate "2018.06.01"]
[PlyCount "113"]

1.d4 Nf6 2.Bf4 g6 3.e3 Bg7 4.Nf3 O-O 5.Be2 d6 6.O-O Nbd7 7.h3 c5 8.c3 b6 
9.Nbd2 Bb7 10.a4 a6 11.Bh2 Ra7 12.Qb3 Qa8 13.Rfd1 Ne4 14.Nxe4 Bxe4 15.Ng5 
Bd5 16.Bc4 Bxc4 17.Qxc4 d5 18.Qe2 h6 19.Nf3 Qc6 20.c4 Rc8 21.cxd5 Qxd5 22.
e4 Qb3 23.e5 e6 24.Bf4 g5 25.Be3 cxd4 26.Bxd4 Nc5 27.a5 bxa5 28.Bxc5 Rxc5 
29.Rd8+ Bf8 30.Rad1 Rc2 31.Qe4 Rc4 32.R1d4 Qd1+ 33.Rxd1 Rxe4 34.Re8 Kg7 
35.Rdd8 Bc5 36.Rg8+ Kh7 37.Rh8+ Kg6 38.Rdg8+ Kf5 39.Rxh6 Re2 40.Rf6+ Ke4 
41.Rc8 Kd5 42.Nxg5 Rxb2 43.Nxf7 a4 44.Rd8+ Kc4 45.Rf4+ Kb3 46.Rf3+ Ka2 47.
Nd6 a3 48.Ne4 Bb6 49.Nc3+ Kb3 50.Nb5+ Kb4 51.Nxa7 Bxd8 52.Nc6+ Ka4 53.
Rxa3+ Kxa3 54.Nxd8 Rb6 55.f4 Kb4 56.f5 Rb8 57.Nc6+ 1-0

[Event "XIII American Continental"]
[Site "Montevideo URU"]
[Date "2018.06.03"]
[Round "4"]
[White "Roselli Mailhe, Bernardo"]
[Black "Cerda Albornoz, Guillermo"]
[Result "1-0"]
[WhiteElo "2433"]
[BlackElo "2195"]
[EventDate "2018.06.01"]
[PlyCount "131"]

1.d4 Nf6 2.c4 e6 3.Nf3 Bb4+ 4.Nbd2 O-O 5.a3 Be7 6.e4 d5 7.e5 Ne4 8.Qc2 f5 
9.exf6 Nxf6 10.Bd3 c5 11.dxc5 Bxc5 12.O-O Bd6 13.b4 Qe8 14.Bb2 Qh5 15.Rae1
Nc6 16.Be2 Qh6 17.b5 Ne4 18.g3 Nxd2 19.Qxd2 Qxd2 20.Nxd2 Na5 21.Bc3 Nxc4 
22.Nxc4 dxc4 23.a4 Bc5 24.Bxc4 b6 25.Rd1 Kh8 26.Bd4 Bxd4 27.Rxd4 e5 28.Re4
Bh3 29.Rfe1 Rac8 30.Bf1 Bxf1 31.Kxf1 Rc2 32.R1e2 Rc1+ 33.Re1 Rc2 34.R1e2 
Rc1+ 35.Kg2 Ra1 36.Rc2 h6 37.h4 Kh7 38.h5 Rf5 39.g4 Rf7 40.Rd2 Rf8 41.Rc4 
Ra3 42.Re2 Rf7 43.Rce4 g6 44.hxg6+ Kxg6 45.Rxe5 Rxa4 46.f3 Ra3 47.R2e3 
Rxe3 48.Rxe3 Rc7 49.Re6+ Kg7 50.Re5 Kf6 51.Rf5+ Kg6 52.Kg3 Rc4 53.Rd5 Rb4 
54.Rd6+ Kg7 55.Rd5 Ra4 56.f4 a5 57.Rd7+ Kg8 58.Rd6 Ra3+ 59.Kh4 Kg7 60.Rxb6
Rb3 61.f5 a4 62.Rg6+ Kh7 63.Ra6 a3 64.Ra7+ Kg8 65.Kh5 Rxb5 66.Kxh6 1-0

[Event "XIII American Continental"]
[Site "Montevideo URU"]
[Date "2018.06.03"]
[Round "4"]
[White "Campora, Daniel Hugo"]
[Black "Donoso Diaz, Sebastian"]
[Result "0-1"]
[WhiteElo "2424"]
[BlackElo "2184"]
[EventDate "2018.06.01"]
[PlyCount "48"]

1.e4 c5 2.Nf3 d6 3.c3 Nf6 4.Bd3 Nc6 5.O-O g6 6.Re1 Bg7 7.Bf1 e5 8.a3 O-O 
9.d3 d5 10.Nbd2 Be6 11.b4 c4 12.dxc4 dxe4 13.Ng5 Bf5 14.Qe2 e3 15.Qxe3 e4 
16.Ndxe4 Nxe4 17.Nxe4 Bxe4 18.Qxe4 Bxc3 19.Bh6 Bxe1 20.Bxf8 Bxf2+ 21.Kxf2 
Qf6+ 22.Qf3 Qxa1 23.Bc5 Re8 24.b5 Nd4 0-1

[Event "XIII American Continental"]
[Site "Montevideo URU"]
[Date "2018.06.03"]
[Round "4"]
[White "Slipak, Sergio"]
[Black "Madeira, Wagner Martins"]
[Result "1-0"]
[WhiteElo "2420"]
[BlackElo "2171"]
[EventDate "2018.06.01"]
[PlyCount "77"]

1.d4 Nf6 2.Nf3 g6 3.c4 Bg7 4.Nc3 O-O 5.Bg5 h6 6.Bh4 d6 7.e3 Nbd7 8.Qc2 c6 
9.Rd1 a6 10.b4 b6 11.Be2 Bb7 12.O-O Qc7 13.Nd2 Rae8 14.Nb3 e5 15.Bg3 c5 
16.bxc5 bxc5 17.d5 Nh7 18.e4 f5 19.exf5 gxf5 20.Bh5 Re7 21.Bg6 e4 22.f3 e3
23.Ne2 Ne5 24.Bxe5 Bxe5 25.f4 Bh8 26.Bxf5 Bc8 27.Bxc8 Qxc8 28.Qg6+ Rg7 29.
Qe6+ Rgf7 30.Qxd6 Qg4 31.Rf3 Ng5 32.Rxe3 Rxf4 33.h3 Nxh3+ 34.Rxh3 Qxe2 35.
Rg3+ Bg7 36.Qe6+ Qxe6 37.dxe6 Kh8 38.e7 Rg8 39.Re3 1-0

[Event "XIII American Continental"]
[Site "Montevideo URU"]
[Date "2018.06.03"]
[Round "4"]
[White "Betaneli, Alexander"]
[Black "Gemy Vargas, Jose Daniel"]
[Result "0-1"]
[WhiteElo "2246"]
[BlackElo "2393"]
[EventDate "2018.06.01"]
[PlyCount "58"]

1.c4 c6 2.Nc3 d5 3.cxd5 cxd5 4.d4 Nc6 5.Bf4 Nf6 6.e3 a6 7.Rc1 Bf5 8.h3 e6 
9.Nf3 Qb6 10.Bd3 Bxd3 11.Qxd3 Qxb2 12.O-O Qa3 13.Rb1 Na5 14.Nd2 Bb4 15.Nb3
Rc8 16.Ne2 Ne4 17.Rfd1 b5 18.Nxa5 Qxa5 19.f3 Nc3 20.Rdc1 O-O 21.Nxc3 Rxc3 
22.Rxc3 Bxc3 23.Bd6 Rc8 24.a3 Rc4 25.Rb3 h5 26.Bc5 h4 27.e4 Bxd4+ 28.Bxd4 
Rc1+ 29.Kh2 Qe1 0-1

[Event "XIII American Continental"]
[Site "Montevideo URU"]
[Date "2018.06.03"]
[Round "4"]
[White "Cabrera Pando, Ramiro"]
[Black "Ruiz Castillo, Joshua Daniel"]
[Result "0-1"]
[WhiteElo "2196"]
[BlackElo "2378"]
[EventDate "2018.06.01"]
[PlyCount "53"]

1.d4 Nf6 2.c4 e5 3.dxe5 Ng4 4.e3 Nxe5 5.Nh3 d6 6.Nf4 g6 7.Be2 Bg7 8.O-O 
O-O 9.Nc3 a5 10.Qd2 a4 11.Rd1 Nbd7 12.Qc2 Nc5 13.Rb1 c6 14.b4 axb3 15.axb3
Qc7 16.b4 Na6 17.h3 Re8 18.e4 f5 19.c5 dxc5 20.Bxa6 Rxa6 21.bxc5 Qf7 22.
Qb3 Qxb3 23.Rxb3 Nd7 24.exf5 Nxc5 25.Ra3 Bxf5 26.Rxa6 Nxa6 27.Nce2 0-1

[Event "XIII American Continental"]
[Site "Montevideo URU"]
[Date "2018.06.03"]
[Round "4"]
[White "Soto Vega, Jorge"]
[Black "Cervantes Landeiro, Thalia"]
[Result "1/2-1/2"]
[WhiteElo "2357"]
[BlackElo "2087"]
[EventDate "2018.06.01"]
[PlyCount "123"]

1.e4 e5 2.Nf3 Nc6 3.Bb5 Nf6 4.d3 Bc5 5.c3 O-O 6.O-O d6 7.Bxc6 bxc6 8.h3 
Bb6 9.Nbd2 Ba6 10.Qc2 Nh5 11.Nc4 Bxc4 12.dxc4 Qf6 13.Qa4 d5 14.cxd5 cxd5 
15.exd5 e4 16.Nh2 Ng3 17.Ng4 Qd6 18.Re1 f5 19.Ne3 f4 20.Nc4 Qg6 21.Qc6 e3 
22.Bxe3 fxe3 23.fxg3 Qxg3 24.Nxb6 Qf2+ 25.Kh1 axb6 26.Qe6+ Kh8 27.Qxe3 
Qxb2 28.a4 h6 29.Qg3 Rf7 30.Rab1 Qa2 31.d6 cxd6 32.Rxb6 Qxa4 33.Rxd6 Rc8 
34.Qd3 Qh4 35.Re4 Qg5 36.Qd4 Qc1+ 37.Kh2 Rf1 38.Rxh6+ Qxh6 39.Rh4 Rf6 40.
c4 Qxh4 41.Qxh4+ Rh6 42.Qe4 Rhc6 43.h4 Rxc4 44.Qe7 R4c7 45.Qe2 Rc5 46.Kh3 
Rc2 47.Qh5+ Kg8 48.Qf5 R2c5 49.Qe4 Kh8 50.Qe2 Rc3+ 51.Kh2 R3c5 52.Qe6 R5c6
53.Qd7 R6c7 54.Qd1 Rc5 55.Kh3 Rc3+ 56.g3 R3c5 57.Qf3 Rc3 58.Qf7 R3c5 59.
Kg2 Rc2+ 60.Kf1 R2c3 61.g4 R3c7 62.Qd5 1/2-1/2

[Event "XIII American Continental"]
[Site "Montevideo URU"]
[Date "2018.06.03"]
[Round "4"]
[White "Carvalho, Guillermo"]
[Black "Varacalli, Francisco"]
[Result "1/2-1/2"]
[WhiteElo "2195"]
[BlackElo "2312"]
[EventDate "2018.06.01"]
[PlyCount "82"]

1.e4 e5 2.Nf3 Nc6 3.Bc4 Bc5 4.O-O d6 5.c3 Bb6 6.h3 Nf6 7.d3 Ne7 8.Re1 Ng6 
9.a4 c6 10.Bb3 O-O 11.Na3 Re8 12.Nc4 Bc7 13.Be3 d5 14.Ncd2 h6 15.Bc2 a5 
16.Nf1 Be6 17.Ng3 Qc8 18.Kh2 Qd7 19.Qd2 Rad8 20.Rad1 b6 21.Qc1 Qc8 22.Bd2 
c5 23.Ng1 d4 24.N1e2 Bd6 25.c4 Qc7 26.Ng1 Kh7 27.Rf1 Nf4 28.N3e2 g5 29.g3 
Ng6 30.f3 Nh5 31.Rf2 Kg7 32.Rdf1 Rf8 33.Rg2 Kh7 34.b3 Rg8 35.Qe1 Rdf8 36.
Kh1 Qd7 37.Rh2 Kg7 38.Rff2 Kf6 39.g4 Nhf4 40.Ng3 Kg7 41.N1e2 Rh8 1/2-1/2

[Event "XIII American Continental"]
[Site "Montevideo URU"]
[Date "2018.06.03"]
[Round "4"]
[White "Balzano, Ivan"]
[Black "Foisor, Sabina-Francesca"]
[Result "1-0"]
[WhiteElo "2142"]
[BlackElo "2301"]
[EventDate "2018.06.01"]
[PlyCount "111"]

1.e4 c6 2.Nc3 d5 3.Nf3 g6 4.d4 Bg7 5.exd5 cxd5 6.Bb5+ Kf8 7.O-O a6 8.Ba4 
Bg4 9.h3 Bxf3 10.Qxf3 e6 11.Ne2 b5 12.Bb3 Nc6 13.c3 Nge7 14.Nf4 Kg8 15.Re1
Qd7 16.Nd3 Rf8 17.Bf4 Qc8 18.Nc5 Nf5 19.Rac1 h5 20.Qd3 Bh6 21.Bxh6 Rxh6 
22.a4 Na5 23.Bc2 Nc4 24.b3 Ncd6 25.Ra1 g5 26.axb5 axb5 27.Ra6 g4 28.Qd2 
Kg7 29.Rxd6 Rf6 30.Nd7 Nxd6 31.Qg5+ Rg6 32.Qe5+ f6 33.Qxd6 Rf7 34.Nc5 f5 
35.Rxe6 Rgf6 36.Rxf6 Rxf6 37.Qe7+ Kg6 38.h4 Qf8 39.Qe3 Qh6 40.Qe8+ Kg7 41.
Qe7+ Kg8 42.Qe5 f4 43.Qxd5+ Kg7 44.b4 f3 45.Qg5+ Qxg5 46.hxg5 Rf7 47.Be4 
fxg2 48.Kxg2 Ra7 49.d5 h4 50.Bf5 h3+ 51.Kh2 Rf7 52.Ne6+ Kg8 53.Nd4 Kg7 54.
d6 Kf8 55.d7 Ke7 56.Nc6+ 1-0

[Event "XIII American Continental"]
[Site "Montevideo URU"]
[Date "2018.06.03"]
[Round "4"]
[White "Nascimento, Pedro Henrique Alves"]
[Black "Muniz, Rafael"]
[Result "0-1"]
[WhiteElo "1979"]
[BlackElo "2290"]
[EventDate "2018.06.01"]
[PlyCount "74"]

1.d4 Nf6 2.c4 e6 3.Nc3 Bb4 4.Qc2 O-O 5.e4 d5 6.e5 Ne4 7.Bd3 c5 8.Bxe4 dxe4
9.dxc5 Nd7 10.Ne2 Nxc5 11.O-O Qd3 12.Qd2 b6 13.Nf4 Bxc3 14.Qxc3 Qxc3 15.
bxc3 Ba6 16.Ba3 Rac8 17.Rfe1 Bxc4 18.Bxc5 Rxc5 19.Rxe4 Rd8 20.Rd4 Rxd4 21.
cxd4 Ra5 22.f3 Rxa2 23.Rxa2 Bxa2 24.Kf2 Bc4 25.Ke1 a5 26.Kd2 a4 27.d5 exd5
28.e6 Kf8 29.exf7 Kxf7 30.g3 a3 31.Kc1 b5 32.Ng2 b4 33.Ne3 b3 34.Nxc4 dxc4
35.f4 c3 36.Kb1 c2+ 37.Kc1 a2 0-1

[Event "XIII American Continental"]
[Site "Montevideo URU"]
[Date "2018.06.03"]
[Round "4"]
[White "Coro, Lucas"]
[Black "Vazquez, Facundo"]
[Result "1-0"]
[WhiteElo "2269"]
[BlackElo "1969"]
[EventDate "2018.06.01"]
[PlyCount "75"]

1.e4 e6 2.d4 d5 3.Nd2 Nf6 4.e5 Nfd7 5.Bd3 c5 6.c3 Nc6 7.Ne2 cxd4 8.cxd4 
Nb6 9.O-O Bd7 10.f4 g6 11.Kh1 h5 12.Nf3 Be7 13.a3 a6 14.Nc3 Na7 15.Ng5 Nb5
16.Ne2 Rg8 17.Rf3 Rc8 18.a4 Na7 19.b3 Nc6 20.Ba3 Nb4 21.Qd2 a5 22.Raf1 Na8
23.Nh7 Nc7 24.f5 exf5 25.Nf4 Ne6 26.Bxf5 gxf5 27.Nxh5 Ng5 28.N5f6+ Bxf6 
29.Nxf6+ Qxf6 30.exf6 Nxf3 31.Qe2+ Be6 32.gxf3 Rc2 33.Qb5+ Nc6 34.Qxb7 
Rgg2 35.Bd6 f4 36.Bxf4 Bh3 37.Re1+ Be6 38.Rxe6+ 1-0

[Event "XIII American Continental"]
[Site "Montevideo URU"]
[Date "2018.06.03"]
[Round "4"]
[White "Kapitanchuk, Tomas"]
[Black "Suarez, Pedro"]
[Result "1-0"]
[WhiteElo "2253"]
[BlackElo "1924"]
[EventDate "2018.06.01"]
[PlyCount "59"]

1.e4 d6 2.d4 Nf6 3.Nc3 g6 4.Nf3 Bg7 5.h3 O-O 6.Bc4 a6 7.a4 Nc6 8.d5 Ne5 9.
Nxe5 dxe5 10.O-O Ne8 11.Be3 Nd6 12.Be2 Bd7 13.a5 Qc8 14.Qd2 f5 15.exf5 
Nxf5 16.Ne4 Nd6 17.Nc5 e6 18.c4 exd5 19.Qxd5+ Rf7 20.Nxd7 Qxd7 21.c5 Nf5 
22.Qxb7 Rff8 23.Bxa6 Nxe3 24.fxe3 Qd2 25.Qb3+ Kh8 26.Bb7 Rxf1+ 27.Rxf1 Rd8
28.Qc3 Qe2 29.Be4 Rb8 30.b4 1-0

[Event "XIII American Continental"]
[Site "Montevideo URU"]
[Date "2018.06.03"]
[Round "4"]
[White "Lujan, Carolina"]
[Black "Ledezma Panades, Hernan Javier"]
[Result "1-0"]
[WhiteElo "2341"]
[BlackElo "1887"]
[EventDate "2018.06.01"]
[PlyCount "85"]

1.e4 e5 2.Nf3 Nc6 3.Bc4 Nf6 4.d3 Be7 5.O-O O-O 6.Bb3 d6 7.c3 Na5 8.Bc2 c5 
9.h3 Nc6 10.Re1 Re8 11.Nbd2 Bf8 12.Nf1 h6 13.Ng3 d5 14.Qe2 d4 15.Ba4 Bd7 
16.Bd2 g6 17.a3 a6 18.Bb3 Be6 19.Bc2 b5 20.Red1 Qb6 21.c4 b4 22.Ba4 Bd7 
23.Bxc6 Bxc6 24.a4 a5 25.b3 Kh7 26.Rf1 Ng8 27.Nh2 Qd8 28.Qd1 Ra7 29.Ra2 
Qh4 30.Nf3 Qd8 31.Nh2 Qh4 32.Be1 Qd8 33.Re2 h5 34.Ra2 Bh6 35.Bd2 Bxd2 36.
Qxd2 Nh6 37.f4 exf4 38.Qxf4 h4 39.Nh1 f5 40.Nf3 fxe4 41.Ng5+ Kg7 42.dxe4 
Rae7 43.Qf6+ 1-0

[Event "XIII American Continental"]
[Site "Montevideo URU"]
[Date "2018.06.03"]
[Round "4"]
[White "Colas, Joshua"]
[Black "Rothebarth, Ana Vitoria de Paula"]
[Result "1-0"]
[WhiteElo "2285"]
[BlackElo "2090"]
[EventDate "2018.06.01"]
[PlyCount "87"]

1.Nf3 Nf6 2.c4 e6 3.g3 b6 4.Bg2 Bb7 5.O-O Be7 6.b3 O-O 7.Bb2 c5 8.d4 cxd4 
9.Qxd4 d6 10.Nc3 a6 11.Rad1 Nbd7 12.e4 Qc7 13.Rfe1 Rfd8 14.h3 Rac8 15.g4 
Qc5 16.Qd3 b5 17.cxb5 axb5 18.g5 Nh5 19.Qxb5 Qa7 20.Qa4 Qc5 21.Qd4 Nf4 22.
Nd5 Qxd4 23.Nxe7+ Kf8 24.Nxd4 Kxe7 25.Nf5+ exf5 26.exf5+ Kf8 27.Bxb7 Rc2 
28.Ba3 Nxh3+ 29.Kg2 Nxf2 30.Rxd6 Kg8 31.Kf3 Nd3 32.Re3 N7e5+ 33.Kg3 Rb8 
34.Ba6 Nc5 35.Rxe5 Nxa6 36.Rxa6 Rxa2 37.Rb6 Rc8 38.Bc5 g6 39.fxg6 hxg6 40.
b4 Ra3+ 41.Re3 Ra2 42.Rb7 Rb2 43.Ree7 Rd8 44.Rxf7 1-0

[Event "XIII American Continental"]
[Site "Montevideo URU"]
[Date "2018.06.03"]
[Round "4"]
[White "Izquierdo, Daniel"]
[Black "Kimelman Bercovici, Gabriel"]
[Result "1/2-1/2"]
[WhiteElo "2078"]
[BlackElo "2279"]
[EventDate "2018.06.01"]
[PlyCount "80"]

1.d4 e6 2.Nf3 Nf6 3.e3 b6 4.Bd3 Bb7 5.O-O Be7 6.Nbd2 d5 7.Ne5 O-O 8.f4 Ne4
9.Nxe4 dxe4 10.Bc4 Bd5 11.Be2 c5 12.c3 Nd7 13.b3 Rc8 14.Bb2 Nxe5 15.fxe5 
Bg5 16.Qd2 cxd4 17.cxd4 Qd7 18.Ba3 Be7 19.Bxe7 Qxe7 20.Rac1 Bb7 21.b4 h6 
22.a3 Qd7 23.Rxc8 Rxc8 24.Rc1 Rc7 25.Bd1 Rxc1 26.Qxc1 Qb5 27.h3 Qd3 28.Kh2
Bd5 29.Bh5 Bc4 30.h4 b5 31.Bg4 Qb3 32.h5 Qa2 33.Kg3 Kf8 34.Bd1 Kg8 35.Bc2 
Bd3 36.Bxd3 exd3 37.Qc6 Qe2 38.Qa8+ Kh7 39.Qe4+ g6 40.hxg6+ fxg6 1/2-1/2

[Event "XIII American Continental"]
[Site "Montevideo URU"]
[Date "2018.06.03"]
[Round "4"]
[White "Saralegui, Mario"]
[Black "Larrea, Manuel"]
[Result "1/2-1/2"]
[WhiteElo "2069"]
[BlackElo "2268"]
[EventDate "2018.06.01"]
[PlyCount "223"]

1.d4 Nf6 2.c4 g6 3.Nc3 Bg7 4.e4 d6 5.Be2 O-O 6.Bg5 Na6 7.f4 c6 8.Qd2 d5 9.
cxd5 cxd5 10.Bxf6 exf6 11.Nxd5 f5 12.Bxa6 bxa6 13.Ne2 fxe4 14.Ne3 a5 15.
O-O Ba6 16.Rfd1 Rb8 17.Kh1 Qd6 18.b3 Bxe2 19.Qxe2 Qxf4 20.Nd5 Qd6 21.Qxe4 
Rfe8 22.Qf3 Rb5 23.Ne3 Rh5 24.h3 Qe6 25.Nc4 Rd8 26.Ne5 Rd5 27.Rac1 Bxe5 
28.dxe5 Rhxe5 29.Rxd5 Rxd5 30.Qc3 Qb6 31.Rf1 h5 32.Qc8+ Kg7 33.Qc3+ Kg8 
34.Qc8+ Qd8 35.Qc4 Qd7 36.Qf4 Qe7 37.Qc4 Re5 38.Qc8+ Kg7 39.Qc3 Qc5 40.Qb2
f6 41.Qd2 g5 42.Rc1 Qe7 43.Qd1 Kh6 44.Qf3 h4 45.Qa8 Re1+ 46.Rxe1 Qxe1+ 47.
Kh2 Qe5+ 48.Kg1 Qd4+ 49.Kh2 Kg6 50.Qe8+ Kf5 51.Qc8+ Ke4 52.Qc6+ Ke3 53.
Qc1+ Ke4 54.Qc6+ Kf5 55.Qc8+ Kf4 56.Qc1+ Qe3 57.Qc7+ Qe5 58.Qxa7 f5 59.
Qf2+ Ke4+ 60.Kh1 Qa1+ 61.Kh2 Qd1 62.Qb6 Qd5 63.Qf2 Qe5+ 64.Kh1 Kd3 65.a3 
Kc3 66.b4 axb4 67.axb4 Kxb4 68.Qb6+ Kc4 69.Qc6+ Kd4 70.Qb6+ Ke4 71.Qb4+ 
Qd4 72.Qe7+ Kf4 73.Qc7+ Qe5 74.Qc1+ Qe3 75.Qc7+ Ke4 76.Qc6+ Ke5 77.Qc7+ 
Kf6 78.Qd6+ Qe6 79.Qd1 Kg6 80.Qb1 Kh5 81.Qb7 Qe1+ 82.Kh2 Qe5+ 83.Kh1 g4 
84.Qh7+ Kg5 85.Qg8+ Kf4 86.Qc4+ Qe4 87.Qc7+ Ke3 88.Qc1+ Kf2 89.Qc5+ Ke1 
90.Qa5+ Ke2 91.Qb5+ Qd3 92.Qe5+ Qe3 93.Qb5+ Kd2 94.Qa5+ Qc3 95.Qd5+ Ke3 
96.Qe6+ Kf4 97.Qd6+ Qe5 98.Qd2+ Kg3 99.Qd3+ Kf2 100.Qc2+ Kf1 101.Qc4+ Qe2 
102.Qf4+ Qf2 103.Qc4+ Ke1 104.Qc1+ Ke2 105.Qc4+ Kd1 106.Qa4+ Qc2 107.Qd4+ 
Ke2 108.Qe5+ Kd2 109.Qa5+ Ke3 110.Qe5+ Qe4 111.Qc5+ Kf4 112.Qc7+ 1/2-1/2

[Event "XIII American Continental"]
[Site "Montevideo URU"]
[Date "2018.06.03"]
[Round "4"]
[White "Cimer, Emanuel"]
[Black "Bustelo, Tabare"]
[Result "1-0"]
[WhiteElo "2262"]
[BlackElo "2050"]
[EventDate "2018.06.01"]
[PlyCount "133"]

1.e4 Nc6 2.Nf3 d6 3.Nc3 g6 4.Bc4 Bg7 5.d4 Nf6 6.h3 O-O 7.Bb3 Na5 8.O-O 
Nxb3 9.axb3 c6 10.Be3 b5 11.b4 a5 12.e5 Nd7 13.Bf4 d5 14.Bd2 a4 15.b3 Nb6 
16.Ne1 Bf5 17.g4 Be6 18.Nd3 axb3 19.cxb3 Qc8 20.Rxa8 Nxa8 21.f4 f6 22.Nc5 
fxe5 23.fxe5 Rxf1+ 24.Kxf1 Nc7 25.Kg2 Na6 26.Nd3 Qf8 27.Ne2 Nc7 28.Qc1 Qa8
29.Qc2 Bf7 30.Bg5 Qe8 31.Qa2 Ne6 32.Be3 Qc8 33.Kg3 Qb8 34.Qa5 Qc8 35.Qa1 
h6 36.Qc1 Kh7 37.Qc2 Be8 38.Ndf4 Nf8 39.Nxd5 Qd7 40.Ndf4 Kh8 41.Nd3 g5 42.
Nc5 Qc8 43.Kh2 Bg6 44.Qd2 Kh7 45.Ng3 Ne6 46.Qf2 Nc7 47.Nf5 Nd5 48.Bd2 Bf8 
49.Qf3 Bg7 50.h4 gxh4 51.Nxh4 Bc2 52.Nf5 Bf8 53.Qh3 Bxf5 54.gxf5 Qe8 55.
Ne6 Kg8 56.Qg4+ Kh8 57.Qg6 Qxg6 58.fxg6 Kg8 59.Kg3 Nb6 60.Kg4 Nd7 61.Kh5 
Bg7 62.Bxh6 Bxh6 63.Kxh6 Nb6 64.Nd8 Nd5 65.Nxc6 e6 66.Nd8 Nc7 67.Nf7 1-0

[Event "XIII American Continental"]
[Site "Montevideo URU"]
[Date "2018.06.03"]
[Round "4"]
[White "Gauche, Charles"]
[Black "Andrade, Roberto Luiz Costa"]
[Result "0-1"]
[WhiteElo "2235"]
[BlackElo "2060"]
[EventDate "2018.06.01"]
[PlyCount "70"]

1.e4 c5 2.Nf3 Nc6 3.d4 cxd4 4.Nxd4 Nf6 5.Nc3 e5 6.Ndb5 d6 7.Bg5 a6 8.Na3 
b5 9.Nd5 Be7 10.Nxe7 Nxe7 11.Bxf6 gxf6 12.Qd2 Bb7 13.f3 d5 14.exd5 Bxd5 
15.O-O-O Qb6 16.Kb1 O-O-O 17.Qe1 Kb8 18.Bd3 Rc8 19.c3 Qe6 20.c4 bxc4 21.
Qb4+ Ka7 22.Be4 c3 23.b3 f5 24.Bd3 Rc6 25.Bc2 Rb8 26.Qa4 Rc5 27.Ka1 Nc6 
28.Qh4 Ra5 29.Rxd5 Rxd5 30.Nc4 Nb4 31.Qf2+ Ka8 32.Rc1 Rd4 33.Qe2 f6 34.Kb1
Nc6 35.Bxf5 Qxf5+ 0-1

[Event "XIII American Continental"]
[Site "Montevideo URU"]
[Date "2018.06.03"]
[Round "4"]
[White "Mariani, Daniel Brandao"]
[Black "Mesias Rojas, Rabindranath"]
[Result "1-0"]
[WhiteElo "2055"]
[BlackElo "2203"]
[EventDate "2018.06.01"]
[PlyCount "81"]

1.d4 Nf6 2.c4 g6 3.Nc3 Bg7 4.e4 d6 5.Be2 O-O 6.Bg5 h6 7.Be3 e5 8.d5 c6 9.
h4 cxd5 10.cxd5 h5 11.f3 a6 12.Nh3 Nbd7 13.Qd2 b5 14.Nf2 Nb6 15.g4 Nc4 16.
Bxc4 bxc4 17.Bg5 hxg4 18.Nxg4 Bxg4 19.fxg4 Qb6 20.Be3 Qc7 21.Qg2 Nd7 22.
O-O-O Nc5 23.Bxc5 Qxc5 24.Rh3 Rab8 25.h5 Rb7 26.g5 Rfb8 27.Rd2 gxh5 28.
Rxh5 Qe3 29.Rh3 Qb6 30.Qg4 Qd8 31.Rf2 Qd7 32.Qh5 Kf8 33.Rhf3 Qe8 34.Qh7 
Re7 35.Rf5 a5 36.a4 Qd8 37.Nb5 c3 38.Qg6 cxb2+ 39.Kb1 Qe8 40.Nxd6 Kg8 41.
Rxf7 1-0

[Event "XIII American Continental"]
[Site "Montevideo URU"]
[Date "2018.06.03"]
[Round "4"]
[White "Manzi, Luiz Antonio Bardaro"]
[Black "Markzon, Gregory"]
[Result "1-0"]
[WhiteElo "2030"]
[BlackElo "2144"]
[EventDate "2018.06.01"]
[PlyCount "95"]

1.Nf3 Nf6 2.g3 g6 3.b3 Bg7 4.Bb2 O-O 5.Bg2 d6 6.d4 a5 7.a3 Na6 8.O-O c5 9.
e3 Rb8 10.Nbd2 b5 11.Rb1 b4 12.Nc4 Ne4 13.Nfd2 Nc3 14.Bxc3 bxc3 15.Nf3 Qc7
16.d5 Bd7 17.Re1 a4 18.e4 Qd8 19.e5 axb3 20.Rxb3 Rxb3 21.cxb3 Nc7 22.Re3 
c2 23.Qxc2 Nxd5 24.Re1 Bf5 25.Qd2 Nb6 26.Ne3 Be6 27.exd6 exd6 28.b4 Qc7 
29.Ng5 c4 30.Nxe6 fxe6 31.Bh3 Re8 32.Nc2 e5 33.Bg2 Kh8 34.Rd1 d5 35.Bxd5 
Rd8 36.Ne3 Bh6 37.f4 exf4 38.Qd4+ Bg7 39.Qxf4 Qxf4 40.gxf4 Bb2 41.a4 c3 
42.Bb3 Re8 43.Kf2 Re4 44.Nc2 Rxf4+ 45.Kg3 Rf8 46.a5 Nc8 47.b5 Ne7 48.a6 
1-0

[Event "XIII American Continental"]
[Site "Montevideo URU"]
[Date "2018.06.03"]
[Round "4"]
[White "Garmendia Vega, Gabriel"]
[Black "Dominguez Barreto, Facundo"]
[Result "1-0"]
[WhiteElo "2029"]
[BlackElo "2141"]
[EventDate "2018.06.01"]
[PlyCount "97"]

1.e4 e6 2.d4 d5 3.Nc3 Nf6 4.e5 Nfd7 5.Nce2 c5 6.c3 Nc6 7.f4 Be7 8.Nf3 f5 
9.a3 c4 10.Be3 b5 11.h3 a5 12.g4 g6 13.Ng3 Nf8 14.gxf5 exf5 15.e6 Bxe6 16.
Ne5 Qb6 17.Qd2 Nd7 18.h4 Ndxe5 19.fxe5 Qd8 20.Bg5 Rb8 21.Ne2 h6 22.Bxe7 
Qxe7 23.Nf4 Qf7 24.Bg2 Ne7 25.Bf3 Kd7 26.Kf2 a4 27.Rag1 Rbg8 28.Ke1 Rg7 
29.Rg3 Qg8 30.Rhg1 Bf7 31.Nh5 Qf8 32.Qg2 Be6 33.Nxg7 Qxg7 34.Bh5 Rg8 35.
Bxg6 Qf8 36.Bh7 Rg4 37.Rxg4 fxg4 38.Rf1 Qg7 39.Bc2 h5 40.Qf2 g3 41.Qf4 Ke8
42.Rg1 g2 43.Kf2 Bh3 44.e6 Bxe6 45.Rxg2 Bg4 46.Bd1 Qh7 47.Bxg4 hxg4 48.
Qxg4 Qd3 49.Kg1 1-0

[Event "XIII American Continental"]
[Site "Montevideo URU"]
[Date "2018.06.03"]
[Round "4"]
[White "Arias Bouzada, Jorge"]
[Black "Durante, Aurelio"]
[Result "1-0"]
[WhiteElo "2097"]
[BlackElo "2006"]
[EventDate "2018.06.01"]
[PlyCount "67"]

1.c4 e5 2.Nc3 Bb4 3.Qc2 Nc6 4.e3 Nf6 5.Nge2 d6 6.Nd5 a5 7.g3 Bg4 8.Bg2 Bc5
9.Nec3 O-O 10.O-O Nxd5 11.Nxd5 Qd7 12.a3 Bf5 13.d3 Nd8 14.Rb1 c6 15.Nc3 
Ne6 16.b4 axb4 17.axb4 Bb6 18.Bd2 Ra7 19.Rfd1 Rfa8 20.Be1 Ng5 21.h4 Ne6 
22.Rb2 Bg4 23.Rbb1 f5 24.b5 Bc7 25.b6 Bxb6 26.Rxb6 f4 27.f3 Bh5 28.g4 Bg6 
29.h5 Bf7 30.Bf2 Nd8 31.exf4 exf4 32.Rb2 Ra3 33.Bh4 g5 34.Bxg5 1-0

[Event "XIII American Continental"]
[Site "Montevideo URU"]
[Date "2018.06.03"]
[Round "4"]
[White "Santos Filho, Tadeu Sousa"]
[Black "Da Silva Junior, Sediney Mari"]
[Result "1/2-1/2"]
[WhiteElo "2096"]
[BlackElo "1990"]
[EventDate "2018.06.01"]
[PlyCount "76"]

1.d4 Nf6 2.Nf3 b6 3.Bf4 Bb7 4.e3 g6 5.Nbd2 Bg7 6.c3 O-O 7.h3 d6 8.Bc4 Nbd7
9.Qb3 e6 10.O-O Qe7 11.Bg5 h6 12.Bxf6 Nxf6 13.Rfe1 g5 14.e4 g4 15.hxg4 
Nxg4 16.Qb5 e5 17.Bd5 a6 18.Qd3 Bxd5 19.exd5 f5 20.dxe5 dxe5 21.Rad1 e4 
22.Qc4 Qd6 23.Nxe4 fxe4 24.Qxe4 Rf4 25.Qe6+ Kh8 26.Qxd6 cxd6 27.Re6 Bf8 
28.Rd2 Rf6 29.Re4 h5 30.Nd4 Ne5 31.Rh4 Rh6 32.Re4 Rg6 33.Rh4 Rh6 34.Nf5 
Rh7 35.Ng3 Be7 36.Rxh5 Rxh5 37.Nxh5 Rg8 38.Kf1 Rf8 1/2-1/2

[Event "XIII American Continental"]
[Site "Montevideo URU"]
[Date "2018.06.03"]
[Round "4"]
[White "Restuccia, Francisco"]
[Black "Ruggiero, Alvaro"]
[Result "1/2-1/2"]
[WhiteElo "2094"]
[BlackElo "1894"]
[EventDate "2018.06.01"]
[PlyCount "97"]

1.e4 c6 2.d4 d5 3.e5 Bf5 4.Nf3 e6 5.Be2 h6 6.O-O Nd7 7.Be3 Ne7 8.b3 c5 9.
c4 cxd4 10.Bxd4 dxc4 11.Bxc4 Nc6 12.Bb5 Be4 13.Nbd2 Bd5 14.Bb2 Bc5 15.Qe2 
O-O 16.Ne4 Be7 17.Rac1 Qb6 18.Bc4 Bxc4 19.Rxc4 Na5 20.Rc2 Nc6 21.Rd1 Rfd8 
22.Rcd2 Nf8 23.Nd6 Ng6 24.g3 a6 25.h4 Bxd6 26.exd6 Rd7 27.h5 Nf8 28.Ne5 
Nxe5 29.Qxe5 f6 30.Qf4 e5 31.Qc4+ Kh8 32.Ba3 Re8 33.Bc5 Qc6 34.Qd5 Rc8 35.
b4 Qxd5 36.Rxd5 Ne6 37.a4 Kg8 38.Kg2 Kf7 39.R1d2 Rc6 40.a5 Rc8 41.Kf3 Ng5+
42.Ke3 Ke6 43.f4 Nf7 44.Rd1 f5 45.fxe5 Nxe5 46.Kf4 g5+ 47.hxg6 Nxg6+ 48.
Kf3 Ne5+ 49.Kf4 1/2-1/2

[Event "XIII American Continental"]
[Site "Montevideo URU"]
[Date "2018.06.03"]
[Round "4"]
[White "Aranha Filho, Alvaro Zimmermann"]
[Black "Rodriguez Farias, Eduardo"]
[Result "1-0"]
[WhiteElo "2304"]
[BlackElo "1943"]
[EventDate "2018.06.01"]
[PlyCount "99"]

1.e4 c5 2.Nf3 Nc6 3.Bb5 g6 4.c3 Bg7 5.d4 cxd4 6.cxd4 Qb6 7.Bxc6 dxc6 8.h3 
Nf6 9.Qe2 Be6 10.O-O Qb4 11.Rd1 Bc4 12.Qc2 O-O 13.b3 Be6 14.Ba3 Qa5 15.
Bxe7 Rfe8 16.Bxf6 Bxf6 17.e5 Be7 18.a3 Red8 19.Nc3 b5 20.Ne4 b4 21.Qd2 Kg7
22.Nfg5 Bxb3 23.axb4 Qc7 24.Rdb1 Bd5 25.Nf6 h6 26.Nge4 Be6 27.Qe3 Qb6 28.
Nc5 Bf5 29.Rb3 Qc7 30.Nfe4 Rd5 31.Nc3 Rdd8 32.g4 Be6 33.Rbb1 a5 34.bxa5 
Rxa5 35.Rxa5 Qxa5 36.Nxe6+ fxe6 37.Rb7 Re8 38.Ne4 Qd8 39.Nf6 Rh8 40.Rd7 
Qf8 41.Qa3 Kf7 42.Qa7 g5 43.Qc7 h5 44.Ne4 hxg4 45.Nd6+ Kg6 46.Rxe7 Qf3 47.
Rxe6+ Kh5 48.Qf7+ Qxf7 49.Nxf7 gxh3 50.Nxh8 1-0